<?xml version="1.0" encoding="UTF-8"?><?xml-stylesheet type="text/xsl" href="static/style.xsl"?><OAI-PMH xmlns="http://www.openarchives.org/OAI/2.0/" xmlns:xsi="http://www.w3.org/2001/XMLSchema-instance" xsi:schemaLocation="http://www.openarchives.org/OAI/2.0/ http://www.openarchives.org/OAI/2.0/OAI-PMH.xsd"><responseDate>2026-04-29T07:22:11Z</responseDate><request verb="GetRecord" identifier="oai:repisalud.isciii.es:20.500.12105/5383" metadataPrefix="marc">https://repisalud.isciii.es/rest/oai/request</request><GetRecord><record><header><identifier>oai:repisalud.isciii.es:20.500.12105/5383</identifier><datestamp>2025-06-02T18:24:04Z</datestamp><setSpec>com_20.500.12105_2405</setSpec><setSpec>com_20.500.12105_2403</setSpec><setSpec>col_20.500.12105_2413</setSpec></header><metadata><record xmlns="http://www.loc.gov/MARC21/slim" xmlns:dcterms="http://purl.org/dc/terms/" xmlns:doc="http://www.lyncode.com/xoai" xmlns:xsi="http://www.w3.org/2001/XMLSchema-instance" xsi:schemaLocation="http://www.loc.gov/MARC21/slim http://www.loc.gov/standards/marcxml/schema/MARC21slim.xsd">
   <leader>00925njm 22002777a 4500</leader>
   <datafield ind2=" " ind1=" " tag="042">
      <subfield code="a">dc</subfield>
   </datafield>
   <datafield ind2=" " ind1=" " tag="720">
      <subfield code="a">Otero Garcia, Laura</subfield>
      <subfield code="e">author</subfield>
   </datafield>
   <datafield ind2=" " ind1=" " tag="260">
      <subfield code="c">2012-01</subfield>
   </datafield>
   <datafield ind2=" " ind1=" " tag="520">
      <subfield code="a">La finalidad de este trabajo es conocer qué representaciones sociales sobre la salud de la población inmigrante muestra a los lectores, a la sociedad la prensa escrita, en concreto, los diarios elegidos: ABC, El Mundo, y El País. Este es un trabajo novedoso que puede aportar al ámbito de la salud información y nuevos planteamientos acerca de cómo se reproducen las relaciones de poder y las desigualdades, en concreto en torno a la salud, en relación a la población de origen extranjero, y cómo estas aportaciones pueden ser visibilizadas con la antropología. El trabajo se articula en cuatro partes. La primera es el marco teórico que corresponde a la explicación de los conceptos y teorías que han sido tomados en este estudio. Los principales conceptos son: la construcción política de la salud, la globalización, las migraciones internacionales, el fenómeno migratorio en Europa y España, y la salud de la población inmigrante. La segunda parte corresponde a la metodología, dónde se hace una descripción del análisis del discurso y las aportaciones de éste para el conocimiento del objeto de estudio. En la tercera parte se muestran los resultados junto con algunos datos procedentes de la bibliografía que ayudan a contextualizar los hallazgos de la investigación con el conocimiento previo. Y por último se encuentran las conclusiones principales del trabajo, que se cierran con interrogantes abiertos a nuevos estudios e investigaciones.</subfield>
   </datafield>
   <datafield ind1="8" ind2=" " tag="024">
      <subfield code="a">Aproximación a las representaciones sociales sobre la salud de la población inmigrante en el discurso periodístico en prensa escrita española (2000-2006) / Laura Otero García. Madrid: ISCIII, 2012</subfield>
   </datafield>
   <datafield ind1="8" ind2=" " tag="024">
      <subfield code="a">http://hdl.handle.net/20.500.12105/5383</subfield>
   </datafield>
   <datafield ind1="8" ind2=" " tag="024">
      <subfield code="a">10.4321/repisalud.5383</subfield>
   </datafield>
   <datafield ind1="8" ind2=" " tag="024">
      <subfield code="a">477-11-055-9</subfield>
   </datafield>
   <datafield ind1="8" ind2=" " tag="024">
      <subfield code="a">477-11-054-3</subfield>
   </datafield>
   <datafield ind2="0" ind1="0" tag="245">
      <subfield code="a">Aproximación a las representaciones sociales sobre la salud de la población inmigrante en el discurso periodístico en prensa escrita española (2000-2006)</subfield>
   </datafield>
</record></metadata></record></GetRecord></OAI-PMH>